LEADER 00847nam 2200289 450 001 996681280203316 005 20251010120016.0 010 $a978-88-290-2916-7 100 $a20251010d2025----km y0itay5003 ba 101 0 $aita 102 $aIT 105 $ay 00 y 200 1 $aPioniere dell'etere$edieci donne che hanno fatto la radio in Italia$fMarta Perrotta 210 $aRoma$cCarocci$d2025 215 $a191 p.$d22 cm 225 2 $aQuality paperbacks$v735 410 0$aQuality paperbacks$v735 606 0 $aRadio$xDiffusione$xRuolo [delle] Donne$yItalia$2BNCF 676 $a791.440922 700 1$aPERROTTA,$bMarta$0300596 801 0$aIT$bcba$gREICAT 912 $a996681280203316 951 $aIV.1. 1929$b292896 L.M.$cIV.1.$d573729 959 $aBK 969 $aUMA 996 $aPioniere dell'etere$94381970 997 $aUNISA